Hanuman / (Record no. 177092)

MARC details
000 -LEADER
fixed length control field 00677nam a22001937a 4500
005 - DATE AND TIME OF LATEST TRANSACTION
control field 20210208150525.0
010 ## - LCCN (DPL NO)
LC control number B-736852
020 ## - INTERNATIONAL STANDARD BOOK NUMBER
International Standard Book Number 9789386506627
Terms of availability 150.00
035 ## - SYSTEM CONTROL NUMBER
System control number B-736852
037 ## - SOURCE OF ACQUISITION
Source of stock number/acquisition Gift/Eng/03-02-2021
082 ## - DEWEY DECIMAL CLASSIFICATION NUMBER
Classification number 230.31
100 ## - MAIN ENTRY--PERSONAL NAME
Personal name Ramaswamy, Chitra
245 ## - TITLE STATEMENT
Title Hanuman /
Statement of responsibility, etc by Chitra Ramaswamy
260 ## - PUBLICATION, DISTRIBUTION, ETC. (IMPRINT)
Place of publication, distribution, etc Bengaluru
Name of publisher, distributor, etc Prism Books
Date of publication, distribution, etc 2018
270 ## - ADDRESS
Address 1865, 32nd Cross, 10th Main BSK II Stage
City Bangaluru
Postal code 560070
300 ## - PHYSICAL DESCRIPTION
Extent 118p.
Dimensions 21cm(pbk)
Other physical details col. photos
942 ## - ADDED ENTRY ELEMENTS (KOHA)
Source of classification or shelving scheme Dewey Decimal Classification
Item type English Books
Call number suffix RAM
Classification part 230.31
Holdings
Withdrawn status Lost status Not for loan Collection code Home library Current library Date acquired Source of acquisition Cost, normal purchase price Full call number Barcode Copy number Cost, replacement price Koha item type
      Non-fiction Central Library Central Library 08/02/2021 Gift/Eng/03-02-2021 150.00 230.31 RAM B-736852 1 150.00 English Books

© Delhi Public Library
Hit Counter
free hit counter